| 000 | 00355cam a2200145ua 4500 | ||
|---|---|---|---|
| 041 |
_aeng _h |
||
| 082 |
_a541.3 _bPAH/PH |
||
| 100 | _aPahari, S. | ||
| 245 |
_aPhysical chemistry, vol.2 / _cS.pahari. _hTextual Documents |
||
| 260 |
_aKolkata : _bNew central book agency , _c2004. |
||
| 300 | _a ; . | ||
| 504 | _a | ||
| 942 | _cBK | ||
| 999 |
_c13505 _d13505 |
||